000 00666nam a2200241Ia 4500
003 OSt
005 20220918223540.0
006 a|||||r|||| 00| 0
007 ta
008 220917b |||||||| |||| 00| 0 eng d
024 _a223,522
037 _cTextual
040 _aARTS
_cARTS
_beng
041 _2eng
_aeng
082 _a2:97, P5(2D)
100 _aWolfram Dietmar
_9146021
245 0 _aApplied informetrics for information retrieval research
260 _aLondon
_bLibraries Unlimited
_c2005
300 _axv, 216p.
_ccm.
650 _aLIBRARY SCIENCE
942 _h2:97, P5(2D)
_cTEXL
_2CC
999 _c278795
_d278795